[Event "White Knights"]
[Site "Leningrad"]
[Date "1984.??.??"]
[Round "?"]
[White "Pytel, Krzysztof"]
[Black "Hjartarson, Johann"]
[Result "0-1"]
[WhiteElo "2410"]
[BlackElo "2415"]

1.Nf3 Nf6 2.c4 c5 3.Nc3 e6 4.g3 b6 5.Bg2 Bb7 6.O-O Be7 7.d4 cxd4 8.Qxd4 d6
9.Bg5 a6 10.Bxf6 Bxf6 11.Qf4 Bxf3 12.Qxf3 Ra7 13.Rfd1 O-O 14.Rac1 Rd7 15.b3 Qc7
16.Qe3 Rc8 17.Na4 Bd8 18.Nb2 h6 19.Nd3 Bg5 20.f4 Bf6 21.Kh1 Nc6 22.Qf3 Nd4
23.Qf2 Nf5 24.e3 g6 25.Be4 Qd8 26.Bxf5 gxf5 27.Qf3 b5 28.cxb5 axb5 29.g4 fxg4
30.Qxg4+ Kh7 31.Rxc8 Qxc8 32.Rc1 Rc7 33.Rxc7 Qxc7 34.Qe2 Bh4 35.Kg1 f5 36.Kg2 Qc6+
37.Qf3 Qc2+ 38.Kh3 Bf6 39.e4 Qc6 40.Nb4 Qxe4 41.Qxe4 fxe4 42.a4 bxa4 43.bxa4 Bc3
44.Na2 Bd2 45.Kg2 d5 46.Kf2 d4 47.Ke2 Ba5 48.Nc1 d3+ 49.Kd1 Kg6 50.h4 Kf5
51.h5 Kxf4 52.Nb3 Bc3 53.Nc5 Kf3  0-1

[Event "White Knights"]
[Site "Leningrad"]
[Date "1984.??.??"]
[Round "?"]
[White "Uhlmann, Wolfgang"]
[Black "Cherepkov, Alexander V"]
[Result "1/2-1/2"]
[WhiteElo "2505"]
[BlackElo "2425"]

1.c4 Nf6 2.Nc3 e6 3.Nf3 c5 4.g3 d5 5.cxd5 exd5 6.d4 Nc6 7.Bg2 Be7 8.O-O O-O
9.b3 Ne4 10.Bb2 Bf6 11.Na4 Re8 12.Rc1 b6 13.dxc5 Bxb2 14.Nxb2 bxc5 15.Na4 Ba6
16.Re1 Qf6 17.Nxc5 Nb4 18.Qd4 Qxd4 19.Nxd4 Nxc5 20.a3 Ne6 21.Nxe6 fxe6 22.axb4 Re7
23.e4 d4 24.e5 Rb8 25.Rc6 Bb7 26.Rc4 Rd7 27.Rd1 d3 28.Bxb7 Rbxb7 29.f4 d2
30.f5 Kf7 31.Rc6 Re7 32.fxe6+ Rxe6 33.Rc5 Reb6 34.Rxd2 Rxb4 35.Rd3 Rxb3 36.Rxb3 Rxb3
37.Rc7+ Kg6 38.Rxa7 Rb5 39.Re7 h6 40.h4 Kf5 41.Rxg7 Rxe5 42.h5 Ke4 43.g4 Kf4
44.Kh2  1/2-1/2

[Event "Lvov"]
[Site "Lvov"]
[Date "1984.??.??"]
[Round "2"]
[White "Vaganian, Rafael A"]
[Black "Mikhalchishin, Adrian"]
[Result "1-0"]
[WhiteElo "2630"]
[BlackElo "2480"]

1.Nf3 Nf6 2.c4 c5 3.Nc3 d5 4.cxd5 Nxd5 5.e4 Nxc3 6.dxc3 Qxd1+ 7.Kxd1 Nc6
8.Be3 b6 9.Nd2 Bb7 10.f3 g6 11.Kc2 h5 12.a4 Bh6 13.Bxh6 Rxh6 14.h4 O-O-O
15.Nc4 Kc7 16.a5 Rhh8 17.Be2 Rd7 18.axb6+ axb6 19.Ne3 Ne5 20.Bb5 Bc6 21.Nd5+ Rxd5
22.Bxc6 Rdd8 23.Bb5 Ra8 24.Rhd1 e6 25.f4 Nc6 26.Kd3 Rhd8+ 27.Ke3 Rxd1 28.Rxd1 Ra2
29.Rd2 Ra5 30.Be2 b5 31.f5 exf5 32.exf5 b4 33.Kf4 bxc3 34.bxc3 Ra3 35.Rd3 Ne7
36.fxg6 fxg6 37.Kg5 Ra4 38.g3 Re4 39.Bf3 Re6 40.Bg2 Re2 41.Bh3 c4 42.Rd4 Re3
43.Kf4 Re1 44.Rxc4+ Kd6 45.Bg2 Rc1 46.Rd4+ Ke6 47.Rd3 Kf6 48.Bf3 Rf1 49.c4 Rc1
50.Rd6+ Kf7 51.Be2 Nf5 52.Rd5 Kf6 53.Bd3 Ng7 54.Rd6+ Ne6+ 55.Ke4 Rd1 56.Ke3 Re1+
57.Kf2 Re5 58.Kf3 g5 59.Be4 Ke7 60.Rd5 Kf6 61.Ke3 gxh4 62.gxh4 Nc5 63.Rxe5 Kxe5
64.Bf3 Na4 65.Bxh5  1-0

[Event "Lvov"]
[Site "Lvov"]
[Date "1984.??.??"]
[Round "7"]
[White "Giorgadze, Tamaz"]
[Black "Horvath, Tamas"]
[Result "1/2-1/2"]
[WhiteElo "2495"]
[BlackElo "2440"]

1.c4 c5 2.Nf3 Nf6 3.Nc3 b6 4.d4 cxd4 5.Nxd4 Bb7 6.Bg5 Nc6 7.e4 Qb8 8.Nxc6 Bxc6
9.Qd4 e6 10.O-O-O Bc5 11.Qd2 h6 12.Bf4 Qb7 13.f3 O-O-O 14.Bd3 Nh5 15.Be3 Bxe3
16.Qxe3 d6 17.Rd2 Nf6 18.Rhd1 Rd7 19.Bc2 Rhd8 20.h4 Kb8 21.g4 Ne8 22.Kb1 Qa6
23.Bb3 Qa5 24.Ne2 e5 25.Ng3 Qc5 26.Qc3 Nc7 27.Nf5 Ne6 28.Bc2 a5 29.b3 Qa3
30.Qb2 Qxb2+ 31.Kxb2 Kc7 32.Bd3 f6 33.h5 Nf4 34.Bf1 Ne6 35.a3 Ng5 36.Be2 Ne6
37.Kc3 Ng5 38.Rb2 Ne6 39.Rbd2 Ng5 40.Kd3 Ne6 41.Ke3 Ng5 42.Bd3 Ne6 43.Bb1  1/2-1/2

[Event "Lvov"]
[Site "Lvov"]
[Date "1984.??.??"]
[Round "10"]
[White "Vaganian, Rafael A"]
[Black "Horvath, Tamas"]
[Result "1-0"]
[WhiteElo "2630"]
[BlackElo "2440"]

1.Nf3 c5 2.c4 Nf6 3.Nc3 b6 4.e4 Bb7 5.e5 Ng8 6.Bd3 e6 7.O-O Ne7 8.Be4 Bxe4
9.Nxe4 Ng6 10.d4 cxd4 11.Nxd4 a6 12.f4 Qc8 13.Be3 Qb7 14.Qd3 Be7 15.Nb3 Nc6
16.Rad1 Rd8 17.c5 b5 18.Bd2 O-O 19.Ba5 Nxa5 20.Nxa5 Qc7 21.b4 f6 22.exf6 Bxf6
23.Qd6 Qxd6 24.Rxd6 Be7 25.Rxa6 Nxf4 26.g3 Nd3 27.a3 Rf5 28.c6 d5 29.Rxf5 exf5
30.Nc3  1-0

[Event "Lvov"]
[Site "Lvov"]
[Date "1984.??.??"]
[Round "11"]
[White "Psakhis, Lev"]
[Black "Vaganian, Rafael A"]
[Result "0-1"]
[WhiteElo "2535"]
[BlackElo "2630"]

1.c4 Nf6 2.Nf3 c5 3.Nc3 d5 4.cxd5 Nxd5 5.e4 Nb4 6.Bc4 Nd3+ 7.Ke2 Nf4+ 8.Kf1 Ne6
9.b4 cxb4 10.Ne2 Nc7 11.d4 e6 12.Bb2 Nd7 13.h4 Nf6 14.Bd3 Bd7 15.h5 h6 16.Nf4 Be7
17.Qe2 a6 18.Rh3 Bd6 19.Qd2 Bxf4 20.Qxf4 Bb5 21.Rd1 Bxd3+ 22.Rxd3 Qe7 23.d5 exd5
24.Bxf6 Ne6 25.Qe3 gxf6 26.exd5 Nc5 27.Qxe7+ Kxe7 28.Rd1 Kd7 29.Rh4 a5 30.Nd4 Na4
31.Nf5 Nc3 32.Rd2 Rae8 33.Rf4 Re5 34.Ne3 f5 35.g4 Ne4 36.Rc2 Nd6 37.gxf5 Rc8
38.Rxc8 Kxc8 39.Ke2 Kd7 40.Kd3 Re8 41.Ng4 Rc8 42.Nxh6 Rc3+ 43.Kd2 Ra3 44.Ng4 Rxa2+  0-1

[Event "Lvov"]
[Site "Lvov"]
[Date "1984.??.??"]
[Round "12"]
[White "Eingorn, Vereslav S"]
[Black "Horvath, Tamas"]
[Result "1-0"]
[WhiteElo "2475"]
[BlackElo "2440"]

1.Nf3 c5 2.c4 Nf6 3.Nc3 b6 4.e3 e6 5.d4 cxd4 6.exd4 Bb7 7.Bd3 Bb4 8.O-O O-O
9.Bg5 Bxc3 10.bxc3 d6 11.Nd2 Nbd7 12.Ne4 h6 13.Bh4 Qe7 14.Re1 Rac8 15.Nxf6+ Nxf6
16.f4 d5 17.Re5 Rxc4 18.Bxc4 dxc4 19.f5 Bd5 20.Qc2 Qd6 21.Bxf6 gxf6 22.Re3 Re8
23.fxe6 Rxe6 24.Rae1 Qf4 25.Qf2 Qxf2+ 26.Kxf2 f5 27.Re5 Be4 28.Rxe6 fxe6
29.g4 Kf7 30.Ke3 Kf6 31.Kf4 b5 32.a3 a6 33.h4 Bd5 34.gxf5 exf5 35.Re5 Be4
36.a4 bxa4 37.Ra5  1-0

[Event "Bayern-ch"]
[Site "Marktredwitz"]
[Date "1984.??.??"]
[Round "?"]
[White "Seibold, Hubert"]
[Black "Ploetz, Werner"]
[Result "1/2-1/2"]
[WhiteElo "2235"]
[BlackElo "2245"]

1.Nf3 Nf6 2.c4 e6 3.Nc3 c5 4.g3 b6 5.Bg2 Bb7 6.O-O Be7 7.d4 cxd4 8.Nxd4 Bxg2
9.Kxg2 a6 10.e4 d6 11.Be3 O-O 12.Rc1 Qc7 13.b3 Nbd7 14.f3 Qb7 15.Qe2 Rfe8
16.Bf2 Bf8 17.Rfd1 Rac8 18.g4 Ne5 19.Bg3 Nfd7 20.h3 Rc7 21.f4 Nc6 22.Nxc6 Qxc6
23.Qf3 b5 24.cxb5 axb5 25.Ne2 Qb7 26.Rxc7 Qxc7 27.Rc1 Qa5 28.Rc2 Qa8 29.Bf2 Nf6
30.Ng3 Rc8 31.Rxc8 Qxc8 32.g5 Nd7 33.a4 bxa4 34.bxa4 Qa6 35.Qb3 Nc5 36.Bxc5 dxc5
37.Qb5 Qd6 38.Ne2 h6 39.gxh6 gxh6 40.a5 c4 41.Qxc4 Qd2 42.Qb5 Bb4  1/2-1/2

[Event "Moscow-ch"]
[Site "Moscow"]
[Date "1984.??.??"]
[Round "?"]
[White "Vasiukov, Evgeni"]
[Black "Gulko, Boris F"]
[Result "1/2-1/2"]
[WhiteElo "2460"]
[BlackElo "2470"]

1.c4 Nf6 2.Nc3 c5 3.Nf3 e6 4.e3 Nc6 5.d4 d5 6.a3 cxd4 7.exd4 Ne4 8.cxd5 exd5
9.Bd3 Nxc3 10.bxc3 Bd6 11.O-O O-O 12.Qc2 h6 13.Re1 Qc7 14.h3 Be6 15.Ra2 Rfe8
16.Qd1 Bd7 17.Rae2 Rxe2 18.Rxe2 Rc8 19.Bb2 Re8 20.Rxe8+ Bxe8 21.c4  1/2-1/2

[Event "Moscow-ch"]
[Site "Moscow"]
[Date "1984.??.??"]
[Round "?"]
[White "Belov, Lev A"]
[Black "Suetin, Alexey S"]
[Result "1/2-1/2"]
[WhiteElo "2385"]
[BlackElo "2405"]

1.Nf3 Nf6 2.c4 c5 3.Nc3 b6 4.e3 Bb7 5.d4 e6 6.d5 exd5 7.cxd5 d6 8.e4 g6 9.Bb5+ Nbd7
10.O-O a6 11.Bxd7+ Nxd7 12.Bf4 Qc7 13.Re1 f6 14.Rc1 Rc8 15.b4 Be7 16.bxc5 bxc5
17.Nd2 Ne5 18.Bxe5 fxe5 19.Nc4 O-O 20.Rb1 Rb8 21.Qa4 Bh4 22.Rf1 Rbd8 23.f3 Bg5
24.Qb3 Bc8 25.Qb6 Qg7 26.Nxd6 Be3+ 27.Kh1 Bd7 28.Ne2 Qh6 29.Qc7 Ba4 30.Nf7 Qg7
31.Qa5 Qxf7 32.Qxa4 Qf6 33.Rb7 Rb8 34.Rfb1 Rxb7 35.Rxb7 Qh4 36.Ng3 Bd4 37.Qd1 Qf6
38.Ne2 Rf7 39.Rb8+ Kg7 40.Rc8 Rd7 41.Rc6 Qg5 42.h3 Qe3 43.Nxd4 cxd4 44.Qc1 Qxc1+
45.Rxc1 Rb7 46.Rc2 Rb1+ 47.Kh2 Kf6 48.Kg3 Rf1 49.h4 a5 50.Rf2 Re1 51.Rb2 Rf1
52.Rb5 Ke7 53.Rxa5 Kd6 54.Ra6+ Kd7 55.Rb6 Kc7 56.Rb2 h5 57.Rf2 Rc1 58.Rd2 Rf1
59.Rf2 Rc1 60.Rb2 Rf1 61.a4 Ra1 62.f4 Ra3+ 63.Kf2 exf4 64.e5 d3 65.Rb4 Ra2+
66.Kf3 Ra3 67.Kxf4 d2 68.Rb1 Rxa4+ 69.Kf3 Rd4 70.d6+  1/2-1/2

[Event "Moscow-ch"]
[Site "Moscow"]
[Date "1984.??.??"]
[Round "?"]
[White "Kremenietsky, Anatoly M"]
[Black "Gulko, Boris F"]
[Result "1/2-1/2"]
[WhiteElo "2410"]
[BlackElo "2470"]

1.c4 Nf6 2.Nc3 c5 3.Nf3 e6 4.e3 d5 5.d4 Nc6 6.a3 Ne4 7.Bd3 Nxc3 8.bxc3 dxc4
9.Bxc4 Be7 10.O-O O-O 11.Bb2 Qc7 12.Bd3 Rd8 13.Qc2 g6 14.Rfd1 Bf6 15.Nd2 Bg7
16.Nb3 b6 17.Be4 Bb7 18.dxc5 Ne5 19.Bxb7 Qxb7 20.cxb6 axb6 21.Nd4 Nc4 22.a4 Bf8
23.Qb3 Qc7 24.Nb5 Qc6 25.Rd4 Nxb2 26.Qxb2 e5 27.Rxd8 Rxd8 28.Qb3 Rd2 29.Rd1 Qe6
30.c4 Rxd1+ 31.Qxd1 Qxc4 32.g3 h5 33.h4  1/2-1/2

[Event "Naleczow"]
[Site "Naleczow"]
[Date "1984.??.??"]
[Round "?"]
[White "Ksieski, Zbigniew"]
[Black "Stempin, Pawel"]
[Result "1-0"]
[WhiteElo "2400"]
[BlackElo "2415"]

1.c4 c5 2.Nf3 Nf6 3.Nc3 e6 4.e4 d6 5.d4 cxd4 6.Nxd4 a6 7.Be2 Qc7 8.O-O b6
9.Be3 Bb7 10.f3 Nbd7 11.Rc1 Be7 12.Kh1 Rc8 13.Qe1 O-O 14.Qf2 Qb8 15.Rfd1 Bd8
16.b4 Re8 17.Nb3 Bc7 18.Qg1 Kh8 19.a4 Bd8 20.a5 bxa5 21.Nxa5 Ba8 22.Rb1 Qc7
23.Bf4 Be7 24.c5 e5 25.cxd6 Bxd6 26.Bxa6 Bxb4 27.Bxc8 Bc5 28.Qe1 exf4 29.Bxd7 Nxd7
30.Nb5 Qd8 31.Qd2 Re7 32.Nd4 Bxd4 33.Qxd4 Qe8 34.Nc4 Bc6 35.Nd6 Qf8 36.Rdc1 Ne5
37.Rb6 Bd7 38.Rcb1 Nc6 39.Qc3 Re6 40.Nf5 h6 41.Nd4 Nxd4 42.Qxd4 Rxb6 43.Rxb6 Be6
44.Qd6 Qxd6 45.Rxd6 Kh7 46.Kg1 Kg6 47.Kf2 Kg5 48.Rc6 Kf6 49.Ke2 g5 50.Kd3 h5
51.Rc5 h4 52.h3 Bb3 53.Kd4 Ba4 54.Ra5 Bd1 55.Ra6+ Kg7 56.Ke5 Be2 57.Ra2 Bc4
58.Rc2 Be6 59.Rc6 Bd7 60.Rb6 Bc8 61.Rd6  1-0

[Event "Naleczow"]
[Site "Naleczow"]
[Date "1984.??.??"]
[Round "?"]
[White "Adamski, Jan"]
[Black "Ksieski, Zbigniew"]
[Result "1/2-1/2"]
[WhiteElo "2430"]
[BlackElo "2400"]

1.Nf3 c5 2.c4 Nf6 3.Nc3 e6 4.g3 b6 5.Bg2 Bb7 6.O-O Be7 7.d4 cxd4 8.Qxd4 d6
9.Bg5 a6 10.Bxf6 Bxf6 11.Qf4 O-O 12.Rfd1 Be7 13.Ne4 Bxe4 14.Qxe4 Ra7 15.Nd4 Rc7
16.b3 Bf6 17.a4 Rc5 18.e3 Qe7 19.Ra2 d5 20.cxd5 Rxd5 21.Rad2 Rfd8 22.Nf3 Rxd2
23.Rxd2 g6 24.Rxd8+ Qxd8 25.Bf1 Nd7 26.b4  1/2-1/2

[Event "Naleczow"]
[Site "Naleczow"]
[Date "1984.??.??"]
[Round "?"]
[White "Bany, Jerzy"]
[Black "Sygulski, Artur"]
[Result "1/2-1/2"]
[WhiteElo "2460"]
[BlackElo "2425"]

1.Nf3 c5 2.c4 Nf6 3.Nc3 g6 4.g3 b6 5.Bg2 Bb7 6.O-O Bg7 7.b3 O-O 8.Bb2 Ne4
9.Qc2 Nxc3 10.Bxc3 Bxc3 11.Qxc3 Nc6 12.Rad1 Qc7 13.d4 Nxd4 14.Nxd4 cxd4 15.Qxd4 Bxg2
16.Kxg2 d6  1/2-1/2

[Event "Naleczow"]
[Site "Naleczow"]
[Date "1984.??.??"]
[Round "?"]
[White "Gross, Stefan"]
[Black "Stempin, Pawel"]
[Result "1/2-1/2"]
[WhiteElo "2425"]
[BlackElo "2415"]

1.c4 c5 2.Nc3 Nf6 3.Nf3 e6 4.g3 b6 5.Bg2 Bb7 6.O-O Be7 7.d4 cxd4 8.Qxd4 d6
9.Be3 O-O 10.Rfd1 Nbd7 11.Ng5 Bxg2 12.Kxg2 Qc7 13.Kg1 Qc6 14.Rac1 Rfd8 15.Nge4 Nc5
16.Nxf6+ Bxf6 17.Qd2 h6 18.Bd4 Bg5 19.Be3 Bf6 20.Bd4 Bg5 21.Be3 Bf6 22.Bd4  1/2-1/2

[Event "New York op"]
[Site "New York"]
[Date "1984.??.??"]
[Round "1"]
[White "Spraggett, Kevin"]
[Black "Hjartarson, Johann"]
[Result "1/2-1/2"]
[WhiteElo "2540"]
[BlackElo "2415"]

1.c4 c5 2.Nf3 Nf6 3.Nc3 e6 4.g3 b6 5.Bg2 Bb7 6.O-O Be7 7.d4 cxd4 8.Qxd4 d6
9.Bg5 a6 10.Bxf6 Bxf6 11.Qf4 Bxf3 12.Bxf3 Ra7 13.Rfd1 Rd7 14.Qd2 O-O 15.Rac1 Qc7
16.b3 Be7 17.a4 a5 18.Nb5 Qc5 19.Nd4 Na6 20.e3 Nb4 21.Bg2 g6 22.h4 Bf6 23.Qe2 h5
24.Rd2 Bg7 25.Qd1 Rfd8 26.Ne2 Qe5 27.Nf4 Bf8 28.Rd4 Bg7 29.Bh3 Nc6 30.Rd2 Nb4
31.Kh2 Kh7 32.Bg2 Kg8 33.Bf3 Bf6 34.Qe2 Bg7 35.Rg1 Bf6 36.Kh1 Kg7 37.Qd1 Qc3
38.g4 hxg4 39.Bxg4 Rh8 40.Nh5+ Kh6 41.Qf3 Be5 42.Rdd1 f5 43.Bh3 Qc2 44.Nf4 Bxf4
45.Qxf4+ Kg7 46.Rxd6 Rxd6 47.Qxd6 Qe4+ 48.Kh2 Nc6 49.Rg3 Rxh4 50.f3  1/2-1/2

[Event "New York op"]
[Site "New York"]
[Date "1984.??.??"]
[Round "2"]
[White "Zuckerman, Bernard"]
[Black "Bonin, Jay R"]
[Result "1-0"]
[WhiteElo "2490"]
[BlackElo "2315"]

1.Nf3 Nf6 2.c4 c5 3.Nc3 b6 4.g3 Bb7 5.Bg2 e6 6.O-O Be7 7.d4 cxd4 8.Qxd4 d6
9.Bg5 a6 10.Bxf6 Bxf6 11.Qf4 Ra7 12.Rfd1 Be7 13.Ne4 Bxe4 14.Qxe4 O-O 15.Nd4 Bf6
16.a4 Rd7 17.Qb1 Qc7 18.b3 Bxd4 19.Rxd4 a5 20.Ra2 Na6 21.Be4 f5 22.Bf3 Nc5
23.e3 Kh8 24.Rad2 Rfd8 25.Kg2 d5 26.cxd5 e5 27.Rc4 e4 28.Be2 Rxd5 29.Rxd5 Rxd5
30.b4 axb4 31.Qxb4 h6 32.Qb5 Kh7 33.Rd4 Qd7 34.Rxd5 Qxd5 35.Bc4 Qd1 36.a5 Qf3+
37.Kg1 Nd3 38.Bxd3 exd3 39.Qxd3 bxa5 40.Qb5 g5 41.Qxa5 g4 42.Qa1 h5 43.Qf1 Kg6
44.h4 gxh3 45.Qxh3 Qd1+ 46.Qf1 Qd6 47.Qc4 Qd1+ 48.Kg2 Qb1 49.Qe6+ Kg7 50.Qe7+ Kg6
51.f4 Qc2+ 52.Kh3 Qb1 53.Qg5+ Kf7 54.Qxh5+ Ke6 55.Kh4 Kd5 56.Qf3+ Kd6 57.Kg5 Qd3
58.Kf6 Kc7 59.Ke5 Kc8 60.Ke6 Kc7 61.Qd5  1-0

[Event "New York op"]
[Site "New York"]
[Date "1984.??.??"]
[Round "6"]
[White "Gheorghiu, Florin"]
[Black "Chow, Albert"]
[Result "1-0"]
[WhiteElo "2495"]
[BlackElo "2305"]

1.c4 c5 2.Nf3 Nf6 3.Nc3 d5 4.cxd5 Nxd5 5.e4 Nb4 6.Bc4 Be6 7.Bxe6 Nd3+ 8.Kf1 fxe6
9.Ng5 Qb6 10.Qf3 c4 11.b3 Qa6 12.a4 Kd7 13.Nb5 Nc6 14.bxc4 Nce5 15.Qg3 Qc6
16.Bb2 Nxb2 17.Qxe5 Qxc4+ 18.d3 Nxd3 19.Rd1 Rd8 20.Nxe6  1-0

[Event "New York op"]
[Site "New York"]
[Date "1984.??.??"]
[Round "6"]
[White "Olafsson, Helgi"]
[Black "Burger, Karl"]
[Result "1-0"]
[WhiteElo "2445"]
[BlackElo "2305"]

1.Nf3 Nf6 2.c4 c5 3.Nc3 e6 4.g3 b6 5.Bg2 Bb7 6.O-O d6 7.b3 Nbd7 8.e3 a6 9.Bb2 Be7
10.d4 O-O 11.d5 exd5 12.Nh4 Rb8 13.Nf5 Re8 14.Nxd5 Bf8 15.Rc1 g6 16.Nxf6+ Nxf6
17.Bxb7 Rxb7 18.Bxf6 Qxf6 19.Nh4 Qe6 20.Qf3 Qe4 21.Rfd1 b5 22.Qe2 Rb6 23.Nf3 b4
24.h4 a5 25.Rd5 a4 26.h5 axb3 27.axb3 Ra6 28.Ng5 Qe7 29.Rcd1 Bh6 30.Nf3 Bf8
31.Kg2 Qe4 32.Qd3 Qxd3 33.R5xd3 Ra2 34.g4 h6 35.R1d2 Ra3 36.hxg6 fxg6 37.g5 h5
38.Nh4 Kf7 39.f4 Re6 40.Kf3 Ra1 41.Rd1 Ra2 42.f5 gxf5 43.Nxf5 Ra3 44.Kf4 Ra6
45.Rh1 Kg6 46.e4 Ra2 47.Nh4+ Kg7 48.Nf3 Kg6 49.Rhd1 Re2 50.Re3 Rf2 51.Rd5 Rf1
52.e5 Be7 53.Ke4 dxe5 54.Rd2 Bf8 55.Rg2 Rd1 56.Nxe5+ Kg7 57.Kf5 Re8 58.Ra2 Bd6
59.Ra7+ Kg8 60.Ng4 Rf1+ 61.Kg6 Rxe3 62.Nxe3 Rf3 63.Nd5 h4 64.Nf6+ Rxf6+ 65.gxf6  1-0

[Event "CAN-ch"]
[Site "Ottawa"]
[Date "1984.??.??"]
[Round "6"]
[White "Spraggett, Kevin"]
[Black "Nickoloff, Bryon"]
[Result "1-0"]
[WhiteElo "2540"]
[BlackElo "2420"]

1.c4 Nf6 2.Nf3 e6 3.Nc3 c5 4.g3 b6 5.Bg2 Bb7 6.O-O Be7 7.d4 cxd4 8.Qxd4 d6
9.Bg5 a6 10.Bxf6 Bxf6 11.Qf4 Ra7 12.Rfd1 Be7 13.Ne4 Bxe4 14.Qxe4 O-O 15.Nd4 Rd7
16.Rd2 Qc7 17.Qd3 Bf6 18.e3 Rc8 19.Rc2 Qd8 20.Rac1 Rdc7 21.Qa3 Rc5 22.b4 R5c7
23.Qb3 Rd7 24.a4 a5 25.b5 Rc5 26.Rd1 Qc7 27.Nc6 Nxc6 28.bxc6 Rd8 29.Rb1 Rb8
30.Qd3 g6 31.Rb5 Rxb5 32.axb5 Rd8 33.e4 Kg7 34.Bf3 Be7 35.Ra2 Bf6 36.Bd1 Kg8
37.Qd2 Kg7 38.Ra3 Be7 39.Rd3 Bf6 40.f4 Kf8 41.g4 h6 42.h4 Bxh4 43.Rh3 Bf6
44.Rxh6 Bg7 45.Rh3 Qe7 46.Rd3 Ke8 47.Qf2 Qc7 48.Kg2 Ke7 49.Ba4 Ba1 50.Bc2 Bg7
51.Qh4+ Bf6 52.g5 Bb2 53.f5 gxf5 54.exf5 Rg8 55.Re3 Be5 56.fxe6 Rh8 57.Bh7 Kxe6
58.Qh6+  1-0

[Event "Pernik"]
[Site "Pernik"]
[Date "1984.??.??"]
[Round "5"]
[White "Danailov, Silvio"]
[Black "Antonov, Vladimir"]
[Result "1/2-1/2"]
[WhiteElo "2345"]
[BlackElo "2360"]

1.Nf3 Nf6 2.c4 c5 3.Nc3 e6 4.e3 Nc6 5.d4 cxd4 6.exd4 d5 7.Bd3 dxc4 8.Bxc4 Be7
9.a3 O-O 10.O-O a6 11.Bg5 b5 12.Ba2 b4 13.axb4 Nxb4 14.Bb1 Bb7 15.Ne5 Qd6
16.Qd2 Rfd8 17.Rd1 Nc6 18.Nf3 Qc7 19.Qe2 Rd7 20.Ba2 Nb4 21.Bb3 Rad8 22.Be3 Ng4
23.h3 Nf6 24.Ne5 Rd6 25.Na4 Bd5  1/2-1/2

[Event "Pernik"]
[Site "Pernik"]
[Date "1984.??.??"]
[Round "5"]
[White "Berg, Klaus"]
[Black "Karolyi, Tibor Jr"]
[Result "1/2-1/2"]
[WhiteElo "2390"]
[BlackElo "2410"]

1.c4 Nf6 2.Nc3 c5 3.Nf3 e6 4.e3 d5 5.d4 Nc6 6.cxd5 Nxd5 7.Bd3 Be7 8.O-O O-O
9.a3 cxd4 10.exd4 Bf6 11.Be4 Nce7 12.Ne5 g6 13.Bh6 Bg7 14.Bxg7 Kxg7 15.Qf3 b6
16.Bxd5 exd5 17.Rac1 Bb7 18.Rfe1 Rc8 19.Qf4 Nf5 20.Nb5 a6 21.Rxc8 Bxc8 22.Nc3 Bb7
23.Rc1 Nd6 24.Nd1 f6 25.Nd3 Re8 26.f3 Qd7 27.Ne3 Re7 28.h4 h5 29.Kf2 a5 30.Re1 Nc4
31.Qg3 Nxe3 32.Rxe3 Rxe3 33.Kxe3 Ba6 34.Nf4 Qf5 35.Qh3 Qb1  1/2-1/2

[Event "Pernik"]
[Site "Pernik"]
[Date "1984.??.??"]
[Round "11"]
[White "Karolyi, Tibor Jr"]
[Black "Radulov, Ivan"]
[Result "1/2-1/2"]
[WhiteElo "2410"]
[BlackElo "2465"]

1.c4 c5 2.Nc3 Nf6 3.Nf3 e6 4.g3 b6 5.Bg2 Bb7 6.O-O Be7 7.d4 cxd4 8.Nxd4 Bxg2
9.Kxg2 Qc8 10.Qd3 Nc6 11.b3 Nxd4 12.Qxd4 Qb7+ 13.Kg1 O-O 14.Bb2 Rfd8 15.Rfd1 d6
16.Rac1 Rac8 17.Qf4 a6 18.Qf3  1/2-1/2

[Event "Pernik"]
[Site "Pernik"]
[Date "1984.??.??"]
[Round "15"]
[White "Berg, Klaus"]
[Black "Lukov, Valentin"]
[Result "1/2-1/2"]
[WhiteElo "2390"]
[BlackElo "2435"]

1.c4 e6 2.Nf3 Nf6 3.Nc3 c5 4.e3 d5 5.d4 Be7 6.cxd5 exd5 7.Be2 O-O 8.O-O Nc6
9.dxc5 Bxc5 10.b3 Bg4 11.Bb2 a6 12.Rc1 Ba7 13.Na4 Ne4 14.Nc3 Nf6 15.g3 Bh3
16.Re1 d4 17.exd4 Nxd4 18.Nxd4 Qxd4 19.Qxd4 Bxd4 20.Bf1 Bxf1 21.Rxf1 Rac8
22.Na4 Bxb2 23.Nxb2  1/2-1/2

[Event "Plovdiv"]
[Site "Plovdiv"]
[Date "1984.??.??"]
[Round "15"]
[White "Donchev, Dimitar I"]
[Black "Spassov, Liuben"]
[Result "1/2-1/2"]
[WhiteElo "2490"]
[BlackElo "2475"]

1.Nf3 Nf6 2.c4 c5 3.Nc3 e6 4.g3 b6 5.Bg2 Bb7 6.O-O Be7 7.d4 cxd4 8.Qxd4 d6
9.Rd1 a6 10.b3 Nbd7 11.e4 Qb8 12.Ba3 Nc5 13.e5 dxe5 14.Qxe5 Qa7 15.Qe3  1/2-1/2

[Event "Rubinstein mem"]
[Site "Polanica Zdroj"]
[Date "1984.??.??"]
[Round "9"]
[White "Kuligowski, Adam"]
[Black "Mokry, Karel"]
[Result "0-1"]
[WhiteElo "2415"]
[BlackElo "2470"]

1.c4 Nf6 2.Nc3 c5 3.Nf3 e6 4.e3 Be7 5.d4 cxd4 6.exd4 d6 7.Bd3 O-O 8.O-O b6
9.Re1 Bb7 10.a3 Nbd7 11.b4 Re8 12.Bd2 Bf8 13.h3 Rc8 14.Rc1 h6 15.Bf4 Ba6
16.Nb1 Bb7 17.Nc3 Ba6 18.Nb1 Bb7 19.Nbd2 e5 20.dxe5 dxe5 21.Bxe5 Nxe5 22.Nxe5 Rxe5
23.Rxe5 Qxd3 24.Re3 Qg6 25.Rg3 Qf5 26.Qc2 Qf4 27.Re3 a5 28.Qb2 axb4 29.axb4 Bd6  0-1

[Event "Reykjavik"]
[Site "Reykjavik"]
[Date "1984.??.??"]
[Round "?"]
[White "Olafsson, Helgi"]
[Black "Alburt, Lev O"]
[Result "1/2-1/2"]
[WhiteElo "2445"]
[BlackElo "2515"]

1.Nf3 Nf6 2.c4 c5 3.Nc3 e6 4.g3 d5 5.cxd5 Nxd5 6.Bg2 Nc6 7.O-O Nb6 8.d3 Be7
9.Be3 c4 10.dxc4 Nxc4 11.Qxd8+ Bxd8 12.Bc5 Be7 13.Bxe7  1/2-1/2

[Event "Kamen Piskov mem 4"]
[Site "Ruse"]
[Date "1984.??.??"]
[Round "12"]
[White "Spiridonov, Nikola"]
[Black "Gunev, Zlatan"]
[Result "1/2-1/2"]
[WhiteElo "2445"]
[BlackElo "2275"]

1.c4 c5 2.Nf3 Nf6 3.Nc3 g6 4.d4 cxd4 5.Nxd4 Bg7 6.e4 d6 7.f3 O-O 8.Be3 Nc6
9.Qd2 Re8 10.Be2 Bd7 11.O-O Qa5 12.Nb3 Qd8 13.Rfd1 b6 14.Rac1 Qc8 15.Nd5 Be6
16.Na1 Qb7 17.b4 Rad8 18.Nb3 Nd7 19.h3 Nf6 20.Rc2 Nh5 21.Qe1 f5 22.g4 fxg4
23.hxg4 Nf6 24.g5 Nd7 25.f4 Nf8 26.b5 Nb8 27.Bd4 Bxd5 28.cxd5 e5 29.dxe6 Qxe4
30.Rc7 Nxe6 31.Bc4 Qxe1+ 32.Rxe1 d5 33.Rxe6 Bxd4+ 34.Nxd4 dxc4 35.Rxa7 Rxe6
36.Nxe6 Rd1+ 37.Kf2 Nd7 38.Ke2 Rd6 39.Ra8+ Kf7 40.Nd8+ Ke7 41.Nc6+ Ke6 42.Rh8  1/2-1/2

[Event "Smederevska Palanka"]
[Site "Smederevska Palanka"]
[Date "1984.??.??"]
[Round "?"]
[White "Adamski, Jan"]
[Black "Cabrilo, Goran"]
[Result "1/2-1/2"]
[WhiteElo "2460"]
[BlackElo "2430"]

1.Nf3 Nf6 2.c4 c5 3.Nc3 g6 4.d4 Bg7 5.e4 O-O 6.Be2 d6 7.O-O Re8 8.Rb1 Bg4
9.d5 e6 10.h3 Bxf3 11.Bxf3 exd5 12.exd5 Nfd7 13.Bd2 Na6 14.a3  1/2-1/2

[Event "Smederevska Palanka"]
[Site "Smederevska Palanka"]
[Date "1984.??.??"]
[Round "?"]
[White "Petursson, Margeir"]
[Black "Jansa, Vlastimil"]
[Result "1/2-1/2"]
[WhiteElo "2465"]
[BlackElo "2475"]

1.Nf3 Nf6 2.c4 c5 3.Nc3 e6 4.e3 d5 5.d4 Nc6 6.a3 a6 7.dxc5 Bxc5 8.b4 Ba7
9.Bb2 O-O 10.Qc2 Qe7 11.Rd1 dxc4 12.Bxc4  1/2-1/2

[Event "BUL-ch"]
[Site "Sofia"]
[Date "1984.??.??"]
[Round "?"]
[White "Danailov, Silvio"]
[Black "Donchev, Dimitar I"]
[Result "1/2-1/2"]
[WhiteElo "2420"]
[BlackElo "2505"]

1.Nf3 Nf6 2.c4 c5 3.Nc3 d5 4.cxd5 Nxd5 5.g3 Nc6 6.Bg2 e6 7.O-O Be7 8.d4 O-O
9.Nxd5 exd5 10.dxc5 Bxc5 11.b3 Bf5 12.Bb2 Be4 13.Rc1 Qe7 14.Qd2 Bb6 15.Rfd1 Rad8
16.e3 Rfe8 17.Ba1 f6 18.Qe2 Qa3 19.Qd2 Re7 20.Qb2 Qd6 21.Qd2 Qa3 22.Qb2 Qd6
23.Qd2  1/2-1/2

[Event "CSR-ch"]
[Site "Sumperk"]
[Date "1984.??.??"]
[Round "6"]
[White "Plachetka, Jan"]
[Black "Jurek, Josef"]
[Result "1/2-1/2"]
[WhiteElo "2440"]
[BlackElo "2320"]

1.c4 Nf6 2.Nc3 c5 3.Nf3 e6 4.e3 Nc6 5.d4 d5 6.a3 a6 7.dxc5 dxc4 8.Qxd8+ Nxd8
9.Bxc4 Bxc5 10.b4 Bd6 11.Bb2 b5 12.Bb3 Bb7 13.Ke2 Ke7 14.Rhd1 Nc6 15.Ng5 Rhd8
16.Nge4 Nxe4 17.Nxe4 Be5  1/2-1/2

[Event "CSR-ch"]
[Site "Sumperk"]
[Date "1984.??.??"]
[Round "9"]
[White "Vokac, Marek"]
[Black "Smejkal, Jan"]
[Result "0-1"]
[WhiteElo "2335"]
[BlackElo "2545"]

1.Nf3 Nf6 2.c4 c5 3.Nc3 b6 4.e3 Bb7 5.d4 cxd4 6.exd4 e6 7.a3 d6 8.Bd3 Be7
9.O-O O-O 10.Re1 Nbd7 11.Bf4 Re8 12.Rc1 a6 13.h3 Bf8 14.Bg3 d5 15.cxd5 Nxd5
16.Ne4 N7f6 17.Nxf6+ Qxf6 18.Bh4 Qh6 19.Bg5 Qh5 20.Re4 f5 21.g4 Qg6 22.Re5 Bd6
23.h4 h6 24.h5 Qf7 25.Bd2 fxg4 26.Ng5 Qxh5 27.Ne4 Bxe5 28.dxe5 Rf8 29.Ng3 Qh4
30.Be4 Rxf2 31.Kxf2 Rf8+ 32.Ke2 Qxg3 33.Qe1 Qxe5 34.Kd3 Nf4+ 35.Bxf4 Rd8+  0-1

[Event "URS-FL"]
[Site "Sverdlovsk"]
[Date "1984.??.??"]
[Round "?"]
[White "Kharitonov, Andrei Y"]
[Black "Gorelov, Sergey G"]
[Result "1/2-1/2"]
[WhiteElo "2470"]
[BlackElo "2420"]

1.Nf3 Nf6 2.c4 c5 3.Nc3 e6 4.d4 cxd4 5.Nxd4 Bb4 6.Bd2 O-O 7.e3 d5 8.cxd5 Nxd5
9.Nxd5 Bxd2+ 10.Qxd2 Qxd5 11.Nf3 Qxd2+ 12.Nxd2 Nc6 13.Be2 Rd8 14.Nf3 Kf8
15.O-O b6 16.Rfd1 Bb7 17.Kf1 Ke7 18.Rxd8 Rxd8 19.Rc1 Rc8 20.Ke1 Ne5 21.Rxc8 Nxf3+
22.Bxf3 Bxc8 23.Kd2 h6 24.Kc3 Kd6 25.g3 Bd7 26.a3 a5 27.b4 axb4+ 28.axb4 Bb5
29.h4 g5 30.hxg5 hxg5  1/2-1/2